コンテンツを見る

Методическое пособие по итоговой государственной аттестации для аспирантов направления 38.06.01 – Экономика, профиль подготовки: 08.00.05 - Экономика и управление народным хозяйством

Пособие предназначено для аспирантов, обучающихся по направлению 38.06.01 – Экономика, профиль подготовки: 08.00.05 - Экономика и управление народным хозяйством. В пособии отражен порядок подготовки к сдаче итогового государственного экзамена, а также представления научного доклада об основных резул...

詳細記述

保存先:
書誌詳細
第一著者: Докальская В. К.
その他の著者: Савкин В. И.
フォーマット: Книга
言語:Russian
出版事項: Орел ОрелГАУ 2016
オンライン・アクセス:https://e.lanbook.com/book/106928
https://e.lanbook.com/img/cover/book/106928.jpg
タグ: タグ追加
タグなし, このレコードへの初めてのタグを付けませんか!
LEADER 01967nam0a2200253 i 4500
001 106928
003 RuSpLAN
005 20221220174013.0
008 221220s2016 ru gs 000 0 rus
040 |a RuSpLAN 
041 0 |a rus 
044 |a ru 
080 |a 372.863 
245 0 0 |a Методическое пособие по итоговой государственной аттестации для аспирантов направления 38.06.01 – Экономика, профиль подготовки: 08.00.05 - Экономика и управление народным хозяйством  |c Докальская В. К.,Савкин В. И. 
260 |a Орел  |b ОрелГАУ  |c 2016 
300 |a 78 с. 
504 |a Библиогр.: доступна в карточке книги, на сайте ЭБС Лань 
520 8 |a Пособие предназначено для аспирантов, обучающихся по направлению 38.06.01 – Экономика, профиль подготовки: 08.00.05 - Экономика и управление народным хозяйством. В пособии отражен порядок подготовки к сдаче итогового государственного экзамена, а также представления научного доклада об основных результатах подготовленной научно-квалификационной работы (диссертации) на соискание ученой степени кандидата наук. 
521 8 |a Книга из коллекции ОрелГАУ - Ветеринария и сельское хозяйство 
100 1 |a Докальская В. К. 
700 1 |a Савкин В. И. 
856 4 |u https://e.lanbook.com/book/106928 
856 4 8 |u https://e.lanbook.com/img/cover/book/106928.jpg 
953 |a https://e.lanbook.com/img/cover/book/106928.jpg